000 01359nas a2200253 i 4500
001 1556
003 ES-MaACL
005 20250724062545.0
008 950801c1922 fr w| | 1 ||re d
245 0 4 _aLes Nouvelles littéraires, artistiques et scientifiques
_b: hebdomadaire d'information, de critique et de bibliographie.
260 _aParis :
_bLarousse,
_c1922-
300 _a57 v. :
_bgrab ;
_c61 cm.
310 _aSemanal
362 0 _aN°1( 21 de oct.1922) - n°1634(dic.1958) ; 1959-1982 ; 1983-1984.
500 _aNo se publicó entre el 8 junio 1940 y el 5 de abril de 1945.
500 _aA partir de 1959 cambia el nombre a :Les Nouvelles littéraires.
500 _aA partir de 1983 cambia el nombre a: Les Nouvelles littéraires, des arts, des sciences et de la société.
650 7 _aCultura
_2embne
_9170963
852 _aES-MaACL
_jHEM-GF-28
_xOlim: Hem-1535
866 1 _oBA
_jHEM-GF-28
866 _oBA
_jHEM-GF-28
866 _
_o1
_o1934-35,(1948f.n.1096)(1949f.n.1134y1136y1138y1144y1158-1159y1162y1164-1165)1950-55(1956f.n.1480y1500-1502)(1957-58)1959-64(1965f.n.1966y2000)1966-68(1969f.n.2197)(1970f.n.2253)(1971)(1972f.n.2329y2339y2345)(1973f.n.2386y2397y2412)1974-75(1976f.n .25 2 5y2527y2537)1977(1978f.n.2654)1979(1980f.n.2719y2734-2735y2742y2751)1981-83.
999 _c1556
_d1556